Central Library OPAC University of Rajshahi

Sampling inspection and quality control / (Record no. 75985)

MARC details
000 -LEADER
fixed length control field 00813nam a2200289 a 4500
001 - CONTROL NUMBER
control field 75985
003 - CONTROL NUMBER IDENTIFIER
rucl marc code BD-RjUL
005 - DATE AND TIME OF LATEST TRANSACTION
control field 20211209082755.0
008 - FIXED-LENGTH DATA ELEMENTS--GENERAL INFORMATION
fixed length control field 190929s1969 enka b 001 0 eng
020 ## - INTERNATIONAL STANDARD BOOK NUMBER
International Standard Book Number 0416128602
035 ## - SYSTEM CONTROL NUMBER
System control number (BD-RjUL)76204
040 ## - CATALOGING SOURCE
Original cataloging agency DLC
Transcribing agency DLC
Modifying agency DLC
-- BD-RjUL
Language of cataloging eng
041 ## - LANGUAGE CODE
Language code of text/sound track or separate title eng
082 00 - DEWEY DECIMAL CLASSIFICATION NUMBER
Edition number 23
Classification number 658.562
Author mark and year WES 1969
100 1# - MAIN ENTRY--PERSONAL NAME
Personal name Wetherill, G. Barrie.
9 (RLIN) 233281
245 10 - TITLE STATEMENT
Title Sampling inspection and quality control /
Statement of responsibility, etc. [by] G. Barrie Wetherill.
260 ## - PUBLICATION, DISTRIBUTION, ETC. (IMPRINT)
Place of publication, distribution, etc. London,
Name of publisher, distributor, etc. Methuen,
Date of publication, distribution, etc. 1969.
300 ## - PHYSICAL DESCRIPTION
Pagination viii, 128 p.:
Illustrations illus.;
Size 22 cm.
350 ## - PRICE (NR) (BK AM CF MU VM SE) [OBSOLETE]
Price 25/-
504 ## - BIBLIOGRAPHY, ETC. NOTE
Bibliography, etc Bibliography: p. [122]-126.
650 #0 - SUBJECT ADDED ENTRY--TOPICAL TERM
Topical term or geographic name as entry element Quality control.
9 (RLIN) 233282
Topical term or geographic name as entry element Acceptance sampling.
9 (RLIN) 26209
942 ## - ADDED ENTRY ELEMENTS (KOHA)
Source of classification or shelving scheme Dewey Decimal Classification
Koha item type Books
Holdings
Lost status Source of classification or shelving scheme Damaged status Not for loan Collection code Permanent Location Current Location Shelving location Date acquired Source of acquisition Cost, normal purchase price Total Checkouts Full call number Date last seen Copy number Koha item type
  Dewey Decimal Classification   Not For Loan Non-fiction Central Library, University of Rajshahi Central Library, University of Rajshahi Reading Room 13/04/1977 W. Heffer & Sons 1.60   658.562 WES 1969 29/09/2019 C-1 Books
  Dewey Decimal Classification     Non-fiction Central Library, University of Rajshahi Central Library, University of Rajshahi   27/01/1975 jonathan wren & Co. London 1.40   658.562 WES 1969 30/09/2019 C-2 Books
  Dewey Decimal Classification     Non-fiction Central Library, University of Rajshahi Central Library, University of Rajshahi   13/04/1977 W. Heffer & Sons 1.40   658.562 WES 1969 30/09/2019 C-3 Books
  Dewey Decimal Classification     Non-fiction Central Library, University of Rajshahi Central Library, University of Rajshahi   27/01/1975 jonathan wren & Co. London 1.40   658.562 WES 1969 30/09/2019 C-4 Books
  Dewey Decimal Classification     Non-fiction Central Library, University of Rajshahi Central Library, University of Rajshahi   27/01/1975 jonathan wren & Co. London 1.40   658.562 WES 1969 30/09/2019 C-5 Books
  Dewey Decimal Classification     Non-fiction Central Library, University of Rajshahi Central Library, University of Rajshahi   27/01/1975 jonathan wren & Co. London 1.40   658.562 WES 1969 30/09/2019 C-6 Books